<?xml version="1.0" encoding="UTF-8"?>
<record
    xmlns:xsi="http://www.w3.org/2001/XMLSchema-instance"
    xsi:schemaLocation="http://www.loc.gov/MARC21/slim http://www.loc.gov/standards/marcxml/schema/MARC21slim.xsd"
    xmlns="http://www.loc.gov/MARC21/slim">

  <leader>01190nam0a2200301   4500</leader>
  <controlfield tag="001">RU\NLR\bibl\1149125</controlfield>
  <controlfield tag="005">20260406044424.0</controlfield>
  <datafield tag="010" ind1=" " ind2=" ">
    <subfield code="a">978-5-367-00559-2</subfield>
    <subfield code="9">5000</subfield>
  </datafield>
  <datafield tag="035" ind1=" " ind2=" ">
    <subfield code="a">(NLR Aleph) 001135930</subfield>
  </datafield>
  <datafield tag="090" ind1=" " ind2=" ">
    <subfield code="a">1387241</subfield>
    <subfield code="c">1387241</subfield>
  </datafield>
  <datafield tag="100" ind1=" " ind2=" ">
    <subfield code="a">20071102d2007    |||y0rusy50      ca</subfield>
  </datafield>
  <datafield tag="101" ind1="1" ind2=" ">
    <subfield code="a">rus</subfield>
    <subfield code="c">und</subfield>
  </datafield>
  <datafield tag="102" ind1=" " ind2=" ">
    <subfield code="a">RU</subfield>
  </datafield>
  <datafield tag="105" ind1=" " ind2=" ">
    <subfield code="a">y   |||||||||</subfield>
  </datafield>
  <datafield tag="200" ind1="1" ind2=" ">
    <subfield code="a">&#x41F;&#x438;&#x441;&#x430;&#x43D;&#x438;&#x44F; &#x43C;&#x443;&#x436;&#x435;&#x439; &#x430;&#x43F;&#x43E;&#x441;&#x442;&#x43E;&#x43B;&#x44C;&#x441;&#x43A;&#x438;&#x445;</subfield>
    <subfield code="f">[&#x43F;&#x435;&#x440;. &#x43F;&#x440;&#x43E;&#x442;&#x43E;&#x438;&#x435;&#x440;. &#x41F;&#x435;&#x442;&#x440;&#x430; &#x41F;&#x440;&#x435;&#x43E;&#x431;&#x440;&#x430;&#x436;&#x435;&#x43D;&#x441;&#x43A;&#x43E;&#x433;&#x43E; &#x441; &#x432;&#x432;&#x43E;&#x434;. &#x441;&#x442;. &#x438; &#x43A;&#x43E;&#x43C;&#x43C;&#x435;&#x43D;&#x442;.</subfield>
    <subfield code="g">&#x43F;&#x440;&#x435;&#x434;&#x438;&#x441;&#x43B;. &#x420;.&#x412;. &#x421;&#x432;&#x435;&#x442;&#x43B;&#x43E;&#x432;&#x430;]</subfield>
  </datafield>
  <datafield tag="210" ind1=" " ind2=" ">
    <subfield code="a">&#x421;&#x430;&#x43D;&#x43A;&#x442;-&#x41F;&#x435;&#x442;&#x435;&#x440;&#x431;&#x443;&#x440;&#x433;</subfield>
    <subfield code="c">&#x410;&#x43C;&#x444;&#x43E;&#x440;&#x430;</subfield>
    <subfield code="d">2007</subfield>
  </datafield>
  <datafield tag="215" ind1=" " ind2=" ">
    <subfield code="a">473,[1] &#x441;.</subfield>
    <subfield code="d">21</subfield>
  </datafield>
  <datafield tag="225" ind1="1" ind2=" ">
    <subfield code="a">&#x410;&#x43B;&#x435;&#x43A;&#x441;&#x430;&#x43D;&#x434;&#x440;&#x438;&#x439;&#x441;&#x43A;&#x430;&#x44F; &#x431;&#x438;&#x431;&#x43B;&#x438;&#x43E;&#x442;&#x435;&#x43A;&#x430;</subfield>
  </datafield>
  <datafield tag="320" ind1=" " ind2=" ">
    <subfield code="a">&#x41F;&#x440;&#x43E;&#x438;&#x437;&#x432;&#x435;&#x434;&#x435;&#x43D;&#x438;&#x44F; &#x434;&#x440;&#x435;&#x432;. &#x430;&#x432;&#x442;&#x43E;&#x440;&#x43E;&#x432;: &#x441;. 468-473</subfield>
  </datafield>
  <datafield tag="606" ind1="0" ind2=" ">
    <subfield code="a">&#x41F;&#x430;&#x442;&#x440;&#x438;&#x441;&#x442;&#x438;&#x43A;&#x430;</subfield>
    <subfield code="9">2291912</subfield>
    <subfield code="3">RU\NLR\auth\661372588</subfield>
  </datafield>
  <datafield tag="686" ind1=" " ind2=" ">
    <subfield code="a">&#x42D;37-4</subfield>
  </datafield>
  <datafield tag="702" ind1=" " ind2="1">
    <subfield code="4">730</subfield>
    <subfield code="8">rus</subfield>
    <subfield code="7">ca</subfield>
    <subfield code="a">&#x41F;&#x440;&#x435;&#x43E;&#x431;&#x440;&#x430;&#x436;&#x435;&#x43D;&#x441;&#x43A;&#x438;&#x439;</subfield>
    <subfield code="b">&#x41F;. &#x424;.</subfield>
    <subfield code="f">1894-1941</subfield>
    <subfield code="g">&#x41F;&#x435;&#x442;&#x440; &#x424;&#x435;&#x434;&#x43E;&#x440;&#x43E;&#x432;&#x438;&#x447;</subfield>
    <subfield code="3">RU\NLR\auth\774284</subfield>
    <subfield code="9">114266</subfield>
  </datafield>
  <datafield tag="801" ind1=" " ind2="0">
    <subfield code="a">RU</subfield>
    <subfield code="b">NLR</subfield>
    <subfield code="c">20071102</subfield>
    <subfield code="g">RCR</subfield>
  </datafield>
  <datafield tag="801" ind1=" " ind2="1">
    <subfield code="a">RU</subfield>
    <subfield code="b">NLR</subfield>
    <subfield code="c">20071102</subfield>
  </datafield>
  <datafield tag="942" ind1=" " ind2=" ">
    <subfield code="c">BOOK</subfield>
  </datafield>
  <datafield tag="980" ind1=" " ind2=" ">
    <subfield code="a">NB</subfield>
  </datafield>
  <datafield tag="995" ind1=" " ind2=" ">
    <subfield code="5">2007-11-02</subfield>
    <subfield code="a">aa</subfield>
    <subfield code="b">NLR01</subfield>
    <subfield code="c">NLR01</subfield>
    <subfield code="e">RF9</subfield>
    <subfield code="f">1-3130406</subfield>
    <subfield code="k">2007-3/30307</subfield>
    <subfield code="o">0</subfield>
    <subfield code="p">241.00</subfield>
    <subfield code="r">BOOK</subfield>
    <subfield code="s">2007330307_</subfield>
  </datafield>
  <datafield tag="995" ind1=" " ind2=" ">
    <subfield code="5">2007-11-02</subfield>
    <subfield code="a">aa</subfield>
    <subfield code="b">NLR02</subfield>
    <subfield code="c">NLR02</subfield>
    <subfield code="e">UCHZ</subfield>
    <subfield code="f">1-143763</subfield>
    <subfield code="k">&#x423; &#x42D;37-4/&#x41F;-340</subfield>
    <subfield code="o">0</subfield>
    <subfield code="p">241.00</subfield>
    <subfield code="r">BOOK</subfield>
    <subfield code="s">_374340</subfield>
  </datafield>
  <datafield tag="995" ind1=" " ind2=" ">
    <subfield code="5">2007-11-02</subfield>
    <subfield code="a">az</subfield>
    <subfield code="b">NLR01</subfield>
    <subfield code="c">NLR01</subfield>
    <subfield code="e">OLS05</subfield>
    <subfield code="f">2540402</subfield>
    <subfield code="o">0</subfield>
    <subfield code="r">BOOK</subfield>
  </datafield>
</record>
